000 00294nam a2200109Ia 4500
008 200302s9999 xx 000 0 und d
100 _aDouglas & Other
245 _aEnvironmental Change and Tropical Geomorphology
260 _bGeorge Allen & Unwin Pvt. Ltd.
260 _c1985
300 _a378 P.,
999 _c5530
_d5530